| 000 | 02113 a2200301 4500 | ||
|---|---|---|---|
| 001 | 21 | ||
| 005 | 20260407155402.0 | ||
| 008 | 260407a1991 arg spa d | ||
| 003 | AR-UNSa-BCEJYS | ||
| 040 |
_aAR-UNSa-BCEJYS _bspa _cAR-UNSa-BCEJYS |
||
| 080 |
_a657.6 _xAuditoria (control interno) |
||
| 245 | 1 | 0 |
_aAuditoria _pun nuevo enfoque empresarial |
| 020 | _a978-950-537-162-4 | ||
| 264 | 1 |
_aBuenos Aires : _bEdiciones Macchi _c1991 |
|
| 300 |
_axvi, 790 p. _c28 cm |
||
| 505 | _a1. Conceptos básicos de auditoría - 2. La profesión contable. Normas contables y de auditoría - 3. Enfoques de auditoría - 4. Proceso de auditoría - 5. Etapa de planificación - 6. Evidencia y procedimientos de auditoría - 7. Riesgo de auditoría - 8. Evaluación de los controles - 9. Documentación del proceso de auditoría - 10. Auditoría en ambientes computarizados - 11. Disponibilidades y tesorería - 12. Inversiones transitorias - 13. Ventas y cuentas a cobrar - 14. Otros créditos - 15. Compras y cuentas a cobrar - 16. Existencias y costos - 17. Inversiones en otras sociedades - 18. Bienes de uso/activos fijos y sus amortizaciones - 19. Bienes intangibles - 20. Deudas bancarias y financieras - 21. Costos y pasivos laborales - 22. Aspectos impositivos y deudas fiscales - 23. Contingencias - 24. Patrimonio neto - 25. Estado de resultados - 26. Estado de origen y aplicación de fondos - 27. Tareas de una primera auditoría - 28. Conclusión del exámen - 29. Informe del auditor - 30. Otros trabajos de auditoría - 31. Auditoría en la pequeña y mediana empresa - 32. Responsabilidad en el trabajo de auditoría | ||
| 942 | _cBK | ||
| 590 | _aniveau_biblio:m niveau_hierar:0 | ||
| 100 | 1 | _aSlosse, Carlos Alberto | |
| 700 | 1 | _aGordicz, Juan Carlos | |
| 700 | 1 | _aGiordano, Silvia P. | |
| 700 | 1 | _aServideo, Federico A. | |
| 700 | 1 | _aLópez Lado, Daniel | |
| 700 | 1 | _aDreispiel, Gustavo F. | |
| 700 | 1 | _aPace, Carlos A. | |
| 700 | 1 | _aMarco, Daniel J. de | |
| 856 | 4 | 1 |
_uhttps://biblioeco.unsa.edu.ar/pmb/images/libros/Auditoria Slosse, Carlos Alberto (1991).jpg _yImagen de portada _qimage/jpeg |
| 999 |
_c17 _d17 |
||